[Event "Continental-ch Women America 2017"]
[Site "Villa Martelli"]
[Date "2017.09.12"]
[Round "7"]
[White "Lujan, Carolina"]
[Black "Cori T, Deysi"]
[Result "0-1"]
[WhiteElo "2376"]
[BlackElo "2389"]
[Annotator "TA"]
[PlyCount "78"]
[EventDate "2017.??.??"]
[EventType "swiss"]
[EventCountry "ARG"]
[SourceTitle "playchess.com"]
[Source "ChessBase"]
[SourceQuality "1"]

{[%evp 16,78,12,19,52,22,19,21,18,33,33,18,20,6,13,13,26,23,43,52,46,0,30,41,106,0,0,-47,-33,-28,0,-54,-37,-78,-65,-85,-99,-83,-81,-260,-267,-525,-531,-529,-514,-498,-464,-502,-491,-470,-247,-1265,-779,-754,-742,-632,-565,-1399,-1370,-1340,-1318,-1318,-718,-722,-722]} 1. e4 {[%cal Be2e4,Be4e5][%mdl 32]} e6 2. d4 d5 3. Nd2 Be7 4. Ngf3 Nf6 5. e5 Nfd7 6. Bd3 c5 7. c3 Nc6 8. O-O g5 9. dxc5 {LiveBook: 259 Games} Ncxe5 {C06: French Tarrasch: 3...Nf6 4 e5 Nfd7 5 Bd3 main lines} 10. Bb5 $146 {Black must now prevent Nxe5.} ({Predecessor:} 10. Nxe5 Nxe5 11. Bb5+ Bd7 12. Bxd7+ Nxd7 13. b4 b6 14. cxb6 axb6 15. Nf3 Bf6 16. Nd4 Qc7 17. Nb5 {½-½ (41) Gerigk,E (2335)-Berelowitsch,A (2551) Germany 2010}) 10... Ng6 11. Nb3 O-O {The position is equal.} 12. Re1 g4 13. Bxd7 Bxd7 14. Ne5 $36 {[%mdl 2048] White is pushing.} Nxe5 15. Rxe5 Kh8 16. Qxg4 {And now Rh5 would win.} Rg8 {[%cal Bf8g8,Bg8g6,Bg6g4][%mdl 32]} 17. Qh3 Rg6 18. g3 f6 (18... Bf6 $5 {[%cal Rf6e5]} 19. Rh5 e5 $11) 19. Rh5 $1 {[%cal Rh5h7]} ({Don't blunder} 19. Rxe6 $2 Qc8 $19) 19... Qg8 {[#]} (19... Rg7 $14) 20. f4 (20. Rxd5 $1 $16 {[%mdl 512]} Bc6 (20... exd5 21. Qxd7) 21. Rd3) 20... e5 $11 21. f5 Rg4 {[%mdl 1024] Black has compensation.} 22. Be3 Rd8 23. Rd1 (23. Rxh7+ $11 Qxh7 24. Qxg4) 23... Re4 $15 24. Bf2 Bb5 25. Rh4 Rxh4 26. Qxh4 {[#]} d4 $1 {[%cal Rd4c3][%mdl 512] Strongly threatening ...dxc3.} 27. cxd4 $2 {[#]} (27. Re1 $17 dxc3 28. bxc3) 27... Qd5 $1 $19 {...Bc6 is the strong threat.} 28. Rd2 $2 (28. Na5 {was called for.} b6 29. Re1) 28... Bc6 {[%csl Gc6][%cal Rd5h1]} 29. Kf1 Qg2+ 30. Ke2 Qf3+ 31. Kf1 Qh1+ 32. Ke2 e4 (32... Bb5+ $142 33. Ke3 exd4+ 34. Rxd4 Qf1) 33. Qh5 $2 {[#]} (33. Qf4 Qb1 34. h4) 33... e3 $1 {[%mdl 512] aiming for ...Qg2.Black is clearly winning.} 34. Rd1 (34. Kxe3 Qe4#) 34... Qg2 35. Kxe3 {[#]} Bf8 $1 36. Rg1 Re8+ 37. Qxe8 Qf3+ 38. Kd2 Bxe8 39. Be3 {[#]} Bh6 $1 {[%mdl 512] Precision: White = 27%, Black = 60%.} 0-1

[Event "Continental-ch Women America 2017"]
[Site "Villa Martelli"]
[Date "2017.09.12"]
[Round "7"]
[White "Chumpitaz, Ann"]
[Black "Arribas Robaina, Maritza"]
[Result "1/2-1/2"]
[WhiteElo "2225"]
[BlackElo "2273"]
[Annotator "TA"]
[PlyCount "60"]
[EventDate "2017.??.??"]
[EventType "swiss"]
[EventCountry "ARG"]
[SourceTitle "playchess.com"]
[Source "ChessBase"]
[SourceQuality "1"]

{[%evp 13,60,47,87,47,43,26,23,0,0,-24,9,0,0,0,0,-22,-11,-17,-10,-43,-45,-50,-45,-59,-52,-33,-45,-150,-63,-43,-33,-39,-35,-44,-48,-81,0,0,0,-19,0,0,0,0,0,0,0,0,0]} 1. d4 Nf6 2. c4 g6 3. Nc3 Bg7 4. e4 d6 5. Nf3 O-O 6. Be2 a6 7. O-O c5 {LiveBook: 6 Games} 8. dxc5 {E91: King's Indian: Classical: 6 Be2, unusual replies including 6...c5 and 6...Bg4} (8. h3 cxd4 9. Nxd4 Nc6 10. Be3 Bd7 11. Nf3 Rc8 12. Rc1 Qa5 13. a3 Be6 14. Nd5 Nd7 15. Bd2 Qd8 16. b4 a5 17. Nf4 Nd4 18. Nxd4 Bxd4 19. Nxe6 fxe6 20. Bh6 {1-0 (53) Grandelius,N (2665)-Sviridov,V (2504) Minsk 2017}) 8... dxc5 9. Bf4 $146 (9. Be3 {is more complex.} b6 10. Qc2 Nc6 11. Rad1 Qc7 12. Nd5) ({Find the theoretical novelty and annotate with similar games:} 9. Qxd8 Rxd8 10. Be3 b6 11. Rad1 Rxd1 12. Rxd1 Nc6 13. h3 Nd7 14. Na4 Rb8 15. b3 e5 16. Rd6 Nd4 17. Nxd4 cxd4 {1-0 (54) Berebora,F (2427)-Stubbe,W (2187) Germany 2012}) 9... Nc6 10. Qxd8 {White has an edge.} Rxd8 11. Bc7 Rf8 12. e5 Ng4 13. Na4 Bf5 14. Nxc5 Rac8 15. Bb6 Ngxe5 16. Rad1 Nxf3+ 17. Bxf3 Bxb2 18. g4 Ne5 19. Bxb7 Bxg4 20. Rb1 (20. Bxc8 $15 Bxd1 21. Bxa6) 20... Bd4 ({Better is} 20... Nxc4 $17 21. Nxa6 Bf5) 21. Bxc8 $15 Rxc8 22. Nxa6 Rxc4 23. Bxd4 Rxd4 24. Rb4 {[#]} Rd2 (24... Be2 $1 $17 {And now ...Nf3+ would win.} 25. f4 Bxf1 26. Rxd4 Nf3+ 27. Kxf1 Nxd4) 25. Ra1 $11 {The position is equal.} h5 (25... Bh3 $5 {[%cal Re5f3]} 26. Rb3 Be6 $11) 26. Nc5 Nf3+ 27. Kg2 Nh4+ 28. Kg1 Nf3+ 29. Kg2 Nh4+ 30. Kg1 Nf3+ {Precision: White = 32%, Black = 60%.} 1/2-1/2

[Event "Continental-ch Women America 2017"]
[Site "Villa Martelli"]
[Date "2017.09.12"]
[Round "7"]
[White "Miranda Llanes, Yerisbel"]
[Black "Vazquez Maccarini, Danitza"]
[Result "1-0"]
[WhiteElo "2192"]
[BlackElo "2173"]
[Annotator "TA"]
[PlyCount "85"]
[EventDate "2017.??.??"]
[EventType "swiss"]
[EventCountry "ARG"]
[SourceTitle "playchess.com"]
[Source "ChessBase"]
[SourceQuality "1"]

{[%evp 12,84,7,8,18,0,0,0,25,-6,-4,-10,-21,-16,-21,-25,-23,-19,-2,-37,10,-27,31,29,46,23,64,-23,-20,-10,0,0,0,0,0,0,0,0,0,0,0,0,0,0,0,0,0,0,0,0,0,0,103,102,277,86,179,170,473,485,480,277,270,268,540,472,29991,604,29990,29991,29997,29998,29998,29999,29999]} 1. d4 Nf6 2. c4 e6 3. Nc3 Bb4 4. e3 O-O 5. Bd3 d5 6. Nge2 Re8 7. O-O {LiveBook: 18 Games. E48: Nimzo-Indian: Rubinstein: 5 Bd3 d5 including 6 Ne2, but excluding 6 a3} b6 (7... Nbd7 8. e4 dxc4 9. Bxc4 c5 10. e5 cxd4 11. exf6 dxc3 12. bxc3 Bf8 13. fxg7 Bxg7 14. Ng3 Qh4 {0-1 (32) Tregubov,P (2585)-Kovalenko,I (2684) Tallinn 2016}) 8. a3 Bf8 9. b4 {The position is equal.} c5 $146 ({Find the theoretical novelty and annotate with similar games:} 9... dxc4 10. Bxc4 Bb7 11. Bb2 Nbd7 12. Rc1 g6 13. Qb3 Bg7 14. Rfd1 c6 {1-0 (42) Zilberman,Y (2490)-Votava,J (2435) Rishon Le Ziyyon 1992}) 10. bxc5 dxc4 11. Bxc4 bxc5 12. Bb2 Ba6 13. Nb5 Nbd7 {Strongly threatening ...Nb6.} 14. dxc5 Bxc5 15. Ned4 Nb6 16. Bd3 Nbd5 ({Better is} 16... e5 $11 17. Rc1 Rc8 18. Nxa7 Bxd3 19. Qxd3 Ra8) 17. Qe2 Bb7 18. Rac1 (18. Rfc1 $5 {[%cal Rc1c5]} Bb6 19. Nc6 Bxc6 20. Rxc6 $14) 18... Rc8 19. Rfd1 (19. Nb3 $14 Bb6 20. Be5) 19... a6 $11 20. Nb3 Be7 {And now ...Rxc1 would win.} 21. Nc3 Qb6 {White must now prevent ...Nxc3.} 22. Nxd5 Bxd5 23. Nd4 Rxc1 24. Rxc1 Rb8 25. Rc2 Bb7 26. h3 g6 {next ...e5 is good for Black.} 27. Nf3 Nd7 28. Ne5 Nxe5 29. Bxe5 Bd6 30. Bb2 Qa5 31. Qd2 Qg5 (31... Qxd2 $11 {remains equal.} 32. Rxd2 Rd8) 32. f4 $16 Qg3 $2 {[#]} (32... Qd8 $16) 33. Bf1 $2 $40 {[%mdl 128] Black is in trouble.} (33. Be4 $1 $18 {[%mdl 512] is the precise move to win.} Bc5 (33... Bxe4 34. Qxd6) 34. Rxc5 Bxe4 35. Rg5) 33... Bd5 (33... Rd8 $16) 34. Qd4 $18 {[%csl Gb2][%cal Rd4h8]} (34. Bxa6 g5 $11) 34... e5 $2 (34... f6 {is a better chance.}) 35. Qxd5 Qxe3+ 36. Kh2 (36. Kh1 $142 Bc5 37. Rxc5 Rxb2 38. Qxe5 Qxe5 39. fxe5) 36... Qxf4+ 37. g3 Qa4 $2 (37... Qxf1 {might work better.} 38. Qxd6 Re8) 38. Rf2 Rxb2 (38... Qd7 $18 39. Bc4 Rb7) 39. Rxb2 (39. Qxf7+ $142 Kh8 40. Rxb2 h5 41. Rb7 Qc2+ 42. Bg2 Bc7 43. Ra7 Qb3 44. Qxc7 Qxg3+ 45. Kxg3 h4+ 46. Kh2 Kg8 47. Qg7#) 39... Qxa3 40. Rf2 {White mates.} e4 41. Qxf7+ Kh8 42. Qf6+ Kg8 43. Bc4# {Precision: White = 44%, Black = 27%.} 1-0

[Event "Continental-ch Women America 2017"]
[Site "Villa Martelli"]
[Date "2017.09.12"]
[Round "7"]
[White "Martinez, Ayelen"]
[Black "Aliaga Fernandez, Ingrid Y"]
[Result "1/2-1/2"]
[WhiteElo "2190"]
[BlackElo "2182"]
[Annotator "TA"]
[PlyCount "144"]
[EventDate "2017.??.??"]
[EventType "swiss"]
[EventCountry "ARG"]
[SourceTitle "playchess.com"]
[Source "ChessBase"]
[SourceQuality "1"]

{[%evp 12,144,0,-56,-60,-75,-77,-72,-69,-75,-77,-87,-95,-88,-79,-93,-100,-112,-53,-59,-53,-52,-45,-45,-45,-45,0,0,58,0,0,0,0,0,9,11,11,5,10,6,10,8,4,-5,0,-11,6,-25,0,0,0,-49,0,0,0,0,0,0,0,-10,0,0,0,0,0,0,0,0,0,0,0,0,8,0,0,0,0,-37,0,-45,-43,-66,-66,-66,-66,-72,-72,-73,-66,-75,-66,-66,-66,-66,-40,-66,-66,-66,-37,-66,-38,-66,-66,-66,-66,-66,-8,-40,-40,-40,-40,-40,-37,-37,-37,-37,-37,-37,-37,-37,0,-37,-37,-37,-37,-37,-37,-37,-37,-37,0,-37,-37,-37,0]} 1. e4 c5 2. Nf3 e6 3. d4 cxd4 4. Nxd4 a6 5. Nc3 Qc7 6. Be3 Nf6 7. f4 (7. Bd3 $11) 7... Bb4 $15 {B43: Sicilian: Kan Variation: 5 Nc3} 8. Bd3 Bxc3+ 9. bxc3 Qxc3+ {Black is better.} 10. Kf2 d6 11. Qf3 e5 12. Ne2 Qc6 $146 ({Find the theoretical novelty and annotate with similar games:} 12... Qc7 13. h3 exf4 14. Nxf4 Nbd7 15. Rad1 {0-1 (44) Konson,K-Podzielny,K (2465) Essen 1996}) 13. f5 Nbd7 14. Rhc1 d5 (14... b5 $17 15. c4 b4) 15. exd5 Qxd5 {[#] ...e4 is the strong threat.} 16. Nc3 Qa5 17. Ne4 Nxe4+ 18. Bxe4 Nf6 19. Bc6+ Nd7 (19... Ke7 $11 20. Rd1 (20. Bxb7 Rb8 $11) 20... bxc6 21. Qxc6 Ng4+ 22. Kg1 Nxe3 23. Qd6+ Ke8 24. Qc6+ Ke7 25. Qd6+ Ke8 26. Qc6+ Ke7) 20. Bxb7 (20. f6 $1 $14) 20... Rb8 $11 21. Bxc8 Rxc8 22. Qb7 Qc3 $132 {[%mdl 2048] Black is not keeping still} 23. Qxa6 Nf6 24. Qa4+ Rc6 25. Rab1 O-O {[#] Threatens to win with ...Rc4.} 26. Rb3 Qc4 $1 {[%cal Rc4a4]} 27. Rb4 Qd5 28. Kg1 Rfc8 29. Rb5 Qd6 30. c4 Ng4 31. Rd1 Qf6 32. Qb3 Qxf5 33. h3 Nxe3 34. Qxe3 Qc2 35. Rd7 Qxc4 36. Rxe5 {Threatening mate with Re8+.} Rf8 37. a3 Rcc8 38. Ree7 Ra8 39. Ra7 Rab8 40. a4 Rb1+ 41. Kh2 Qc6 42. Qe5 (42. Qf4 $5 {[%cal Re7f7]} Rb2 43. Qf1 $14) 42... h6 43. a5 Qc1 44. Rab7 {Strongly threatening Rxb1.} Qg1+ 45. Kg3 {White wants to play Rxb1.} Ra1 {White must now prevent ...Ra3+.} 46. Qc3 Ra2 {( -> ...Qf2+)} 47. Rb2 Qa1 $1 48. Reb7 Rxa5 49. Kh2 Qa3 (49... Ra7 $5 {[%cal Ra7b7]} 50. Rb8 Ra8 51. Rxa8 Qxa8 $17) 50. Qc7 Qc5 (50... Rf5 {is more complex.} 51. R2b3 Qa6 52. Rg3 Ra8 53. Qb6 Qxb6 54. Rxb6 Kh7) 51. Qxc5 Rxc5 $15 {[%mdl 4096] Endgame KRR-KRR} 52. Rb8 g6 53. Rxf8+ Kxf8 {KR-KR} 54. h4 Kg7 (54... Rc4 $5 {[%cal Rc4h4]} 55. Kg3 Rd4 $17) 55. Rb6 Re5 56. Ra6 Re4 57. g3 Re6 58. Ra5 f5 (58... Re2+ $15 59. Kh3 h5) 59. Ra7+ (59. h5 $5) 59... Kf6 60. Rh7 Re2+ 61. Kh3 h5 62. Ra7 Re6 63. Ra8 Rd6 64. Kg2 Ke5 65. Kf2 Kf6 66. Ke3 Rb6 67. Rf8+ Kg7 68. Ra8 Rb4 69. Ra7+ Kf6 70. Ra6+ Kg7 71. Ra7+ Kh6 72. Rf7 Rb3+ {Precision: White = 64%, Black = 55%.} 1/2-1/2

[Event "Continental-ch Women America 2017"]
[Site "Villa Martelli"]
[Date "2017.09.12"]
[Round "7"]
[White "Alboredo, Julia"]
[Black "Amura, Claudia"]
[Result "0-1"]
[WhiteElo "2120"]
[BlackElo "2262"]
[Annotator "TA"]
[PlyCount "108"]
[EventDate "2017.??.??"]
[EventType "swiss"]
[EventCountry "ARG"]
[SourceTitle "playchess.com"]
[Source "ChessBase"]
[SourceQuality "1"]

{[%evp 15,108,42,47,41,129,108,127,113,98,-28,-20,-49,-27,-80,-71,-87,-88,-86,-54,-53,-62,-67,-54,-53,-52,-94,-82,-92,-88,-105,-89,-109,-110,-170,-124,-132,-137,-135,-133,-137,-127,-132,-108,-141,-125,-196,-150,-183,-145,-156,-137,-152,-147,-129,-148,-255,-173,-226,-239,-231,-228,-288,-317,-389,-402,-401,-385,-509,-163,-184,-185,-206,-193,-194,-185,-341,-351,-345,-312,-478,-478,-535,-548,-615,-491,-862,-780,-793,-780,-914,-851,-2759,-2447,-29987,-29988]} 1. e4 g6 2. d4 Bg7 3. Nc3 c5 4. dxc5 Qa5 5. Bd2 Qxc5 6. Nd5 Na6 7. Nf3 e6 {B06: Modern Defence} 8. b4 (8. Bc3 Kf8 9. Bxg7+ Kxg7 10. Nc3 Nf6 11. Qd4 Qxd4 12. Nxd4 Nc7 13. e5 Ng4 14. f4 f6 15. Nf3 fxe5 16. fxe5 {1-0 (46) Solodovnichenko,Y (2584)-Guseinov,G (2614) Dubai 2015}) 8... Qf8 {LiveBook: 3 Games} 9. Nc3 Qxb4 (9... Qe7 $14) 10. Rb1 Qc5 $146 ({Find the theoretical novelty and annotate with similar games:} 10... Qe7 11. Bxa6 bxa6 12. O-O d6 13. Rb3 Qc7 14. Qa1 Nf6 15. Bg5 {½-½ (56) Alvir,A (2395)-Tibensky,R (2410) Austria 2000}) 11. Nb5 {[%mdl 1024] White has strong compensation.} Ne7 12. c4 (12. Be3 $16 Bc3+ 13. Nd2 (13. Nxc3 Qxc3+ 14. Bd2 Qc7 $16)) 12... O-O $11 13. Bd3 Nc6 14. O-O (14. Be2 $11) 14... Qe7 $17 15. Bf4 {[#]} e5 $1 {[%cal Re5f4]} 16. Bc1 b6 17. Ba3 Nc5 18. Nc7 Rb8 19. Nd5 Qd6 20. Qe2 Ba6 21. Rfd1 Rfc8 22. Bc2 Qf8 23. Ne3 d6 {[%cal Bd7d6,Bd6c5][%mdl 32]} 24. Qd2 (24. Nd5 $17) 24... Rd8 25. Bd3 Rbc8 26. Bxc5 dxc5 27. Nd5 h6 {[%cal Bh7h6,Bh6h5][%mdl 32]} 28. h4 Nd4 29. Qe3 h5 30. Nh2 (30. a4 $17) 30... Bh6 31. Qg3 Qd6 32. Nf3 Re8 33. Ne1 Rcd8 34. Bf1 Bb7 35. a4 (35. Qa3 $17 {might work better.}) 35... Bc6 36. Qa3 (36. Rb2 {was called for.}) 36... f5 37. Bd3 Rf8 {[%cal Rc6d5]} 38. a5 Bxd5 39. cxd5 fxe4 40. Bxe4 Rf4 ({Weaker is} 40... Qf6 41. Nf3 $17) 41. f3 Rf6 $2 {[#]} (41... Qf6 42. Rb2 Qxh4) 42. axb6 axb6 43. Rb2 Bf4 {[%cal Bh6f4,Bf4e3,Be3d4][%mdl 32]} 44. Rdb1 b5 {[%cal Bb6b5,Bb5b4][%mdl 32]} 45. Kf2 $2 (45. Rxb5 Nxb5 46. Rxb5) 45... b4 $19 46. Qa5 Nf5 47. Nd3 (47. Bxf5 $142 gxf5 48. Rc2 Qxd5 49. Qxc5) 47... Be3+ 48. Ke2 {intending Bxf5.} Bd4 49. Ra2 Ne3 50. Nxe5 (50. Ra4 $142) 50... Nxd5 (50... Bxe5 $2 51. Kxe3 Bd4+ 52. Kd3 $19) 51. Nc4 Nc3+ 52. Kf1 Qf8 53. Re1 Nxe4 54. Rxe4 Rxf3+ {Precision: White = 24%, Black = 66%.} 0-1

[Event "Continental-ch Women America 2017"]
[Site "Villa Martelli"]
[Date "2017.09.12"]
[Round "7"]
[White "Carraro, Denise"]
[Black "Cordero, Daniela"]
[Result "1-0"]
[WhiteElo "2071"]
[BlackElo "2005"]
[Annotator "NA RC"]
[PlyCount "115"]
[EventDate "2017.??.??"]
[EventType "swiss"]
[EventCountry "ARG"]
[SourceTitle "playchess.com"]
[Source "ChessBase"]
[SourceQuality "1"]
[TimeControl "40/5400+30:1800+30"]

{[%evp 19,115,9,18,2,18,12,4,0,11,0,9,0,32767,32767,0,0,32,0,25,8,0,20,10,0,0,0,0,0,0,0,0,0,0,-35,32767,32767,32767,32767,32767,32767,32767,32767,9,22,32767,32767,32767,32767,32767,32767,32767,32767,32767,32767,32767,32767,32767,32767,23,32767,32767,18,18,14,15,17,15,17,15,17,15,0,8,0,8,60,41,32767,32767,32767,39,10,1151,4133,1379,12792,2372,5524,32767,32767,32767,32767,32767,32767,32767,29977,12851,29982]} 1. e4 {[%emt 0:00:00]} e6 {[%emt 0:07:16]} 2. d4 {[%emt 0:00:00]} d5 {[%emt 0:00:10]} 3. Nc3 {[%emt 0:00:03]} Nf6 {[%emt 0:00:26]} 4. e5 {[%emt 0:00:15]} Nfd7 {[%emt 0:00:06]} 5. f4 {[%emt 0:00:14]} c5 {[%emt 0:00:07]} 6. Nf3 {[%emt 0:00:10]} Nc6 {[%emt 0:00:12]} 7. Be3 {[%emt 0:00:06]} a6 {[%emt 0:01:15]} 8. Qd2 {[%emt 0:00:17]} b5 {[%emt 0:00:17]} 9. a3 {[%emt 0:00:04]} Qb6 {[%emt 0:01:21]} 10. Nd1 {[%emt 0:06:29] LiveBook: 3 Games} cxd4 {[%emt 0:06:28]} 11. Nxd4 {[%emt 0:00:11]} Nxd4 {[%emt 0:03:30]} 12. Bxd4 {[%emt 0:00:10]} Bc5 {[%emt 0:00:04]} 13. c3 {[%emt 0:01:01]} a5 {[%emt 0:01:14]} 14. Be2 {[%emt 0:04:13]} (14. Qf2 $5) 14... O-O {[%emt 0:01:32]} 15. O-O {[%emt 0:04:25]} Bb7 {[%emt 0:06:46]} 16. Nf2 {[%emt 0:13:32]} b4 {[%emt 0:19:37]} 17. Qe3 {[%emt 0:14:10]} bxc3 {[%emt 0:02:48]} 18. bxc3 {[%emt 0:00:23]} Qc6 {[%emt 0:13:47]} 19. Nd3 {[%emt 0:03:04]} Be7 {[%emt 0:00:18]} 20. f5 {[%emt 0:23:23]} exf5 {[%emt 0:02:30]} 21. Rxf5 {[%emt 0:00:06]} Ba6 {[%emt 0:03:36]} 22. Raf1 {[%emt 0:01:04]} Nc5 {[%emt 0:04:02]} 23. Bxc5 {[%emt 0:13:40]} Bxc5 {[%emt 0:00:17]} 24. Qxc5 {[%emt 0:01:08]} Qxc5+ {[%emt 0:00:07]} 25. Nxc5 {[%emt 0:00:01]} Bxe2 {[%emt 0:00:08]} 26. R1f2 {[%emt 0:12:34]} Rac8 {[%emt 0:11:30]} 27. Nd7 {[%emt 0:01:35]} Bg4 {[%emt 0:00:06]} 28. Nxf8 {[%emt 0:00:26]} Bxf5 {[%emt 0:00:04]} 29. Rxf5 {[%emt 0:00:09]} Rxf8 {[%emt 0:00:16]} 30. Rf4 {[%emt 0:01:14]} Rc8 {[%emt 0:04:20]} 31. Rd4 {[%emt 0:00:25]} Kf8 {[%emt 0:05:31]} 32. Rxd5 {[%emt 0:00:10]} a4 {[%emt 0:00:06]} 33. Ra5 {[%emt 0:00:37]} Rc4 {[%emt 0:01:15]} 34. Kf2 {[%emt 0:00:35]} Ke7 {[%emt 0:00:06]} 35. Ra6 {[%emt 0:00:15]} h6 {[%emt 0:00:43]} 36. Ke2 {[%emt 0:00:20]} Rxc3 {[%emt 0:00:15]} 37. Rxa4 {[%emt 0:00:03]} Rc5 {[%emt 0:02:38]} 38. Kd3 {[%emt 0:01:47]} Ke6 {[%emt 0:01:30]} 39. Re4 {[%emt 0:00:27]} Kd5 {[%emt 0:01:07]} 40. a4 {[%emt 0:00:00]} Rc1 {[%emt 0:01:11]} 41. Rf4 {[%emt 0:08:36]} Ra1 {[%emt 0:04:19]} 42. Rxf7 {[%emt 0:13:11]} Rxa4 {[%emt 0:00:09]} 43. Rxg7 {[%emt 0:00:04]} Kxe5 {[%emt 0:00:08]} 44. Rg6 {[%emt 0:01:07]} Ra2 {[%emt 0:00:26]} 45. h4 {[%emt 0:01:44]} Kf5 {[%emt 0:01:14]} 46. h5 {[%emt 0:00:03]} Rb2 {[%emt 0:06:05]} 47. Ke3 $1 {[%emt 0:00:43]} Rb3+ {[%emt 0:07:17]} 48. Kf2 {[%emt 0:00:38]} Rb2+ {[%emt 0:00:01]} 49. Kg3 {[%emt 0:00:07]} Rb1 $1 {[%emt 0:01:32]} 50. Kh2 {[%emt 0:01:14]} Rb4 $2 {[%emt 0:05:30] [#]} (50... Ra1 $11) 51. Kh3 $1 {[%emt 0:00:36]} Rb3+ {[%emt 0:00:35]} 52. Kh4 {[%emt 0:00:27]} Rb1 {[%emt 0:01:29]} 53. g4+ {[%emt 0:00:11]} Kf4 {[%emt 0:00:09]} 54. Rf6+ {[%emt 0:00:06]} Ke5 {[%emt 0:00:12]} 55. Rxh6 {[%emt 0:00:08]} Kf4 {[%emt 0:00:04]} 56. Rf6+ {[%emt 0:00:06]} Ke5 {[%emt 0:00:05]} 57. Kg5 {[%emt 0:00:21]} Rg1 {[%emt 0:00:27]} 58. Rf5+ {[%emt 0:00:08]} 1-0